The Construction Act : time for review. (Record no. 100951)

MARC details
000 -LEADER
fixed length control field 01490cam a2200265 4500
008 - FIXED-LENGTH DATA ELEMENTS--GENERAL INFORMATION
fixed length control field 000000n2000 000 0 eng u
020 ## - INTERNATIONAL STANDARD BOOK NUMBER
International Standard Book Number 1902814002
035 ## - SYSTEM CONTROL NUMBER
System control number (Sirsi) u109576
050 ## - LIBRARY OF CONGRESS CALL NUMBER
Classification number 3474107
100 ## - MAIN ENTRY--PERSONAL NAME
Personal name Paterson, Frances A.
-- Editor
245 #4 - TITLE STATEMENT
Title The Construction Act : time for review.
260 ## - PUBLICATION, DISTRIBUTION, ETC.
Place of publication, distribution, etc. London
Name of publisher, distributor, etc. Centre of Construction Law & Management, Kings College
Date of publication, distribution, etc. 2000
300 ## - PHYSICAL DESCRIPTION
Extent 275p. ; 24cm.
350 ## - PRICE (NR) (BK AM CF MU VM SE) [OBSOLETE]
Price 35.00
520 ## - SUMMARY, ETC.
Summary, etc. With contributions from over twenty experienced lawyers and construction professionals, this book reviews how the provisions of adjudication and payment are being applied on the ground and in the courts. It includes a look at the first case to reach the Court of Appeal on enforcement of an adjudicator's decision, "Bouygues (UK) Ltd v Dahl-Jensen (UK) Ltd. It highlights both the successes and failures of the Construction Act and pinpoints the uncertainties, which remain.
650 ## - SUBJECT ADDED ENTRY--TOPICAL TERM
Topical term or geographic name entry element HOUSING GRANTS CONSTRUCTION AND REGENERATION ACT 1996
650 ## - SUBJECT ADDED ENTRY--TOPICAL TERM
Topical term or geographic name entry element MANAGEMENT-DISPUTE AVOIDANCE, MANAGEMENT AND RESOLUTION-DISPUTE MANAGEMENT AND RESOLUTION-ALTERNATIVE DISPUTE RESOLUTION-ADJUDICATION
650 ## - SUBJECT ADDED ENTRY--TOPICAL TERM
Topical term or geographic name entry element MANAGEMENT-DISPUTE AVOIDANCE, MANAGEMENT AND RESOLUTION-DISPUTE MANAGEMENT AND RESOLUTION-ARBITRATION
650 ## - SUBJECT ADDED ENTRY--TOPICAL TERM
Topical term or geographic name entry element BUILT ENVIRONMENT-BUILDING CONTRACT FORMS
650 ## - SUBJECT ADDED ENTRY--TOPICAL TERM
Topical term or geographic name entry element PAYMENT
650 ## - SUBJECT ADDED ENTRY--TOPICAL TERM
Topical term or geographic name entry element BOUYGUES UK LTD V DAHL-JENSEN UK LTD
690 ## - LOCAL SUBJECT ADDED ENTRY--TOPICAL TERM (OCLC, RLIN)
Topical term or geographic name as entry element Dispute resolution
9 (RLIN) 6236
700 ## - ADDED ENTRY--PERSONAL NAME
Personal name Britton, P.
International Standard Serial Number Editor
942 ## - ADDED ENTRY ELEMENTS (KOHA)
Suppress in OPAC 0
Holdings
Withdrawn status Lost status Source of classification or shelving scheme Damaged status Not for loan Home library Current library Shelving location Date acquired Cost, normal purchase price Total Checkouts Full call number Barcode Date last seen Date last checked out Copy number Cost, replacement price Price effective from Koha item type
    Dewey Decimal Classification     London London Books 08/05/2001 38.25 23 347.4107 PAT 30064351 06/08/2019 14/03/2008 2 38.25 06/08/2019 Book